Central Library OPAC University of Rajshahi

Handbook of counseling techniques / (Record no. 7130)

MARC details
000 -LEADER
fixed length control field 00786nam a22002652a 4500
001 - CONTROL NUMBER
control field 7130
003 - CONTROL NUMBER IDENTIFIER
rucl marc code UkOxU
005 - DATE AND TIME OF LATEST TRANSACTION
control field 20211208234352.0
008 - FIXED-LENGTH DATA ELEMENTS--GENERAL INFORMATION
fixed length control field 130114s1963 enk 000 0 eng d
035 ## - SYSTEM CONTROL NUMBER
System control number OCLC ocm00409480 from D950929M
040 ## - CATALOGING SOURCE
Original cataloging agency MAL
Transcribing agency MAL
Modifying agency UKM
-- EQO
Language of cataloging eng
041 ## - LANGUAGE CODE
Language code of text/sound track or separate title eng
082 ## - DEWEY DECIMAL CLASSIFICATION NUMBER
Classification number 150.13
Author mark and year HAN 1963
100 1# - MAIN ENTRY--PERSONAL NAME
Personal name Harms, Ernest,
Dates associated with a name 1895-1974.
9 (RLIN) 22313
245 10 - TITLE STATEMENT
Title Handbook of counseling techniques /
Statement of responsibility, etc. edited by Ernest Harms and Paul Schreiber.
260 ## - PUBLICATION, DISTRIBUTION, ETC. (IMPRINT)
Place of publication, distribution, etc. Oxford :
Name of publisher, distributor, etc. Pergamon Press,
Date of publication, distribution, etc. 1963.
300 ## - PHYSICAL DESCRIPTION
Pagination vii, 506 p.
Size 23 cm.
504 ## - BIBLIOGRAPHY, ETC. NOTE
Bibliography, etc Includes bibliographies.
650 #0 - SUBJECT ADDED ENTRY--TOPICAL TERM
Topical term or geographic name as entry element Counseling.
9 (RLIN) 22314
700 1# - ADDED ENTRY--PERSONAL NAME
Personal name Schreiber, Paul,
Dates associated with a name 1911-
942 ## - ADDED ENTRY ELEMENTS (KOHA)
Source of classification or shelving scheme Dewey Decimal Classification
Koha item type Books
Holdings
Lost status Source of classification or shelving scheme Damaged status Not for loan Collection code Permanent Location Current Location Shelving location Date acquired Source of acquisition Cost, normal purchase price Total Checkouts Full call number Date last seen Copy number Koha item type
  Dewey Decimal Classification   Not For Loan Non-fiction Central Library, University of Rajshahi Central Library, University of Rajshahi   22/01/1970 Zeit. 97.00   150.13 HAN 1963 13/01/2014 C-1 Books